000 00998 a2200229 4500
003 Nust
005 20221111115049.0
010 _a 88015399
020 _a0201168332 :
040 _cNust
082 0 0 _a512.5,JOH
100 1 _aJohnson, Lee W.
_9102570
245 1 0 _aIntroduction to Linear Algebra /
_cLee W. Johnson, R. Dean Riess & Jimmy T. Arnold
250 _a2nd ed. /
_bLee W. Johnson, R. Dean Riess, Jimmy T. Arnold.
260 _aReading, Mass. :
_bAddison-Wesley,
_cc1989.
300 _axi, 578 p. :
_bcol. ill. ;
_c24 cm.
505 _aMatrices and Systems of Linear Equations (Page-1), The Vector Space R" (Page-109), The Eigenvalue Problem (Page-211), Vector Spaces and Linear Transformations (Page-287), Determinats (Page-379), Eigenvalues and Application (Page-413), Numerical Methods in Linear Algebra (Page-489).
650 0 _aAlgebras, Linear.
_910720
700 1 _aArnold, Jimmy T.
_d1941-
_9102571
700 1 _aRiess, R. Dean
_d1940-
_9102572
942 _2ddc
_cBK
_k512.5,JOH
999 _c182151
_d182151